Largest Cities Without A Metro System - Statistics

General Stats
  • This quiz has been taken 45 times
  • The average score is 12 of 20
Answer Stats
Population Continent City % Correct
15.6 Africa Kinshasa
90%
6.7 Africa Nairobi
87%
20.9 Asia Karachi
85%
14.6 Africa Johannesburg
82%
10.4 South America Bogotá
79%
6.25 Africa Dar Es Salaam
77%
9.35 Africa Luanda
69%
6.6 Africa Accra
67%
7.05 North America Houston
67%
7.05 Africa Khartoum
67%
6.2 Africa Alexandria
64%
6.8 Africa Abidjan
59%
7.65 North America Dallas
59%
13.9 Asia Ho Chi Minh City
54%
7.65 Asia Baghdad
51%
7.5 Asia Riyadh
51%
6.15 Asia Yangon
49%
6.0 Asia Amman
41%
6.95 Asia Bandung
36%
8.0 Asia Shantou
5%
No matching quizzes found
Score Distribution
Percent of People with Each Score
Percentile by Number Answered
Your Score History
You have not taken this quiz